Sports Quiz

Random Sports or NFL Quiz

NFL 900 Rushing Yards Age 32+ Quiz Stats

 Plays Quiz Updated Apr 8, 2016

Challenge
Share
Tweet
Embed
Score 0/16 Timer 06:00
1 Play Today
Yards Player % Correct
1,021Emmitt Smith (32)
90%
975Emmitt Smith (33)
90%
937Emmitt Smith (35)
90%
1,333Walter Payton (32)
68.4%
1,141John Henry Johnson (33)
51%
1,048John Henry Johnson (35)
51%
967Frank Gore (32)
48.1%
907DeAngelo Williams (32)
47.9%
Yards Player % Correct
1,121Ricky Williams (32)
47.8%
941Jerome Bettis (32)
47.6%
1,347John Riggins (34)
45.1%
1,239John Riggins (35)
45.1%
1,023Ottis Anderson (32)
33%
1,014Mike Anderson (32)
33%
1,007Franco Harris (33)
31.6%
1,004James Brooks (32)
5.2%

You're not logged in!

Compare scores with friends on all Sporcle quizzes.
OR
Log In

You Might Also Like...

Show Comments

Extras

Top Quizzes Today


Score Distribution

Your Account Isn't Verified!

In order to create a playlist on Sporcle, you need to verify the email address you used during registration. Go to your Sporcle Settings to finish the process.

Report this User

Report this user for behavior that violates our Community Guidelines.

Details: